Сборник задач по бухгалтерскому учету: учебное пособие для вузов

التفاصيل البيبلوغرافية
المؤلف الرئيسي: Кириллова Н. А. Нина Александровна
مؤلفون آخرون: Богаченко В. М. Вера Михайловна
الملخص:Учебное пособие содержит задания для проведения практических занятий при изучении дисциплин «Теория бухгалтерского учета» и «Бухгалтерский учет» и полностью соответствует Государственному образовательному стандарту экономических специальностей и программам этих дисциплин. Сборник содержит множество задач и примеров практических ситуаций, возникающих в деятельности организаций. В заключительной части дана сквозная задача, решение которой позволяет студенту пройти учебную стажировку в качестве бухгалтера на условном предприятии. Учебный материал расположен в логической последовательности, соответствующей изучаемым предметам. По каждой теме приведен полный набор практических занятий. В конце темы помещены варианты заданий для проведения контрольной работы или зачета. Учебный материал основан на применении Плана счетов бухгалтерского учета и других нормативных документов и законодательных актов с учетом последних изменений в бухгалтерском учете.
اللغة:الروسية
منشور في: Москва, Проспект, 2009
الموضوعات:
التنسيق: كتاب
KOHA link:https://koha.lib.tpu.ru/cgi-bin/koha/opac-detail.pl?biblionumber=159209

MARC

LEADER 00000nam0a2200000 4500
001 159209
005 20231101222107.0
010 |a 9785392004904 
035 |a (RuTPU)RU\TPU\book\172670 
090 |a 159209 
100 |a 20090506d2009 m y0rusy50 ca 
101 0 |a rus 
102 |a RU 
105 |a y j 001zy 
200 1 |a Сборник задач по бухгалтерскому учету  |e учебное пособие для вузов  |f Н. А. Кириллова, В. М. Богаченко 
210 |a Москва  |c Проспект  |d 2009 
215 |a 352 с. 
320 |a Библиогр.: с. 343. 
330 |a Учебное пособие содержит задания для проведения практических занятий при изучении дисциплин «Теория бухгалтерского учета» и «Бухгалтерский учет» и полностью соответствует Государственному образовательному стандарту экономических специальностей и программам этих дисциплин. Сборник содержит множество задач и примеров практических ситуаций, возникающих в деятельности организаций. В заключительной части дана сквозная задача, решение которой позволяет студенту пройти учебную стажировку в качестве бухгалтера на условном предприятии. Учебный материал расположен в логической последовательности, соответствующей изучаемым предметам. По каждой теме приведен полный набор практических занятий. В конце темы помещены варианты заданий для проведения контрольной работы или зачета. Учебный материал основан на применении Плана счетов бухгалтерского учета и других нормативных документов и законодательных актов с учетом последних изменений в бухгалтерском учете. 
606 1 |a Бухгалтерский учет  |2 stltpush  |3 (RuTPU)RU\TPU\subj\30744  |9 53805 
610 1 |a бухгалтерский баланс 
610 1 |a счета 
610 1 |a двойная запись 
610 1 |a инвентаризация 
610 1 |a бухгалтерские формы 
610 1 |a денежные средства 
610 1 |a основные средства 
610 1 |a долгосрочные инвестиции 
610 1 |a нематериальные активы 
610 1 |a финансовые вложения 
610 1 |a ценные бумаги 
610 1 |a труд 
610 1 |a заработная плата 
610 1 |a продукция 
610 1 |a себестоимость 
610 1 |a кредиты 
610 1 |a займы 
610 1 |a финансовые результаты 
610 1 |a продажи 
610 1 |a учебные планы 
675 |a 657.22(076)  |v 3 
700 1 |a Кириллова  |b Н. А.  |g Нина Александровна 
701 1 |a Богаченко  |b В. М.  |g Вера Михайловна 
801 1 |a RU  |b 63413507  |c 20090506  |g PSBO 
801 2 |a RU  |b 63413507  |c 20150403  |g RCR 
900 |a Бухгалтерский учет 
900 |a Теория бухгалтерского учета 
942 |c BK 
955 |b 080100 
959 |a 57/20090429  |d 1  |e 130,00  |f ЧЗГЛ:1